000
00277nam a2200121 a 4500
008
110427s1976|||| d
245
1
0
_a
Slovensko-ruský slovník
260
_c
1976
_b
SPN
_a
Bratislava
100
1
_a
Kollár, D
020
_c
90
044
_a
xo
_c
SK
041
_a
slo
999
_c
19207
_d
19207